| 000 | 00762nam a22002537a 4500 | ||
|---|---|---|---|
| 001 | BR9500394 | ||
| 003 | BR-BrBNA | ||
| 005 | 20230928094421.0 | ||
| 007 | ta | ||
| 008 | 230509b bl.||||| |||| 00| 0 por d | ||
| 040 |
_aBR-BrBNA _bpor _cBiblioteca Nacional de Agricultura |
||
| 041 | _a(Por) | ||
| 072 |
_aE14 _b8961 |
||
| 090 | _ 8961 BR9500394 | ||
| 100 | 1 | _aAnnichino, W. | |
| 110 | 1 |
_aCooperativa Central dos Produtores de Acucar e Alcool do Estado de Sao Paulo, Sao Paulo (Brasil) _92827 |
|
| 245 | 1 | _aPROALCOOL: evolucao e perspectivas sob a otica do produtor | |
| 260 | 3 |
_aSao Paulo, SP (Brasil): _c1986. |
|
| 300 | _a15 p. | ||
| 650 | _aAlcool | ||
| 650 | _aPrograma de Desenvolvimento | ||
| 909 |
_a202309 _bLucia _c55 _dLucia Elande |
||
| 942 | _cBK | ||
| 999 |
_c50619 _d50619 |
||